Mergers Acquisitions and Takeovers. (Record no. 627)

MARC details
005 - DATE AND TIME OF LATEST TRANSACTION
control field 20250314130338.0
020 ## - INTERNATIONAL STANDARD BOOK NUMBER
International Standard Book Number 978-81-224-2108-8
082 ## - DEWEY DECIMAL CLASSIFICATION NUMBER
Classification number 338.83 MAC
100 ## - MAIN ENTRY--PERSONAL NAME
Author name MACHIRAJU, H.R.
245 ## - TITLE STATEMENT
Title Mergers Acquisitions and Takeovers.
260 ## - PUBLICATION, DISTRIBUTION, ETC.
Place of publication, distribution, etc. New Delhi,
Name of publisher, distributor, etc. New Age International (P)Ltd, Publishers,
Date of publication, distribution, etc. 2007.
300 ## - PHYSICAL DESCRIPTION
Extent vii,242p.: Ill.;figures, taable.
Other physical details Glossary ,Index.
Dimensions 24cm.
856 ## - ELECTRONIC LOCATION AND ACCESS
Link text Access Online Book.
Electronic name Acquisitions
Path www.newagepublishers.com
942 ## - ADDED ENTRY ELEMENTS (KOHA)
Source of classification or shelving scheme Dewey Decimal Classification
Koha item type Books
Holdings
Date last seen Total checkouts Full call number Barcode Cost, replacement price Price effective from Koha item type Lost status Source of classification or shelving scheme Damaged status Not for loan Withdrawn status Home library Current library Shelving location Date acquired Cost, normal purchase price
03/14/2025   338.83 MAC 0000002574 32247.00 03/14/2025 Books   Dewey Decimal Classification       College of Business Education Main Library College of Business Education Main Library General Collection 03/14/2025 10749.00
03/14/2025   338.83 MAC 0000002575 32247.00 03/14/2025 Books   Dewey Decimal Classification       College of Business Education Main Library College of Business Education Main Library General Collection 03/14/2025 10749.00
03/14/2025   338.83 MAC 0000002576 32247.00 03/14/2025 Books   Dewey Decimal Classification       College of Business Education Main Library College of Business Education Main Library General Collection 03/14/2025 10749.00